Skúsenosti z práce dedinských škôl a učiteľov

Bibliographic Details
Other Authors: Stračár, Emil, 1923-1981 (Author of introduction, etc.), Korček, Imrich (Compiler)
Format: Book
Language:Slovak
PhysicalDescription:154 strán 21 cm
Published: Bratislava Slovenské pedagogické nakladateľstvo 1957
Edition:Prvé vydanie
Series:Knižnica metodických príručiek
Subjects:

MARC

LEADER 00000cam a2200000 a 4500
001 vtls008327554
003 SK-MaSNL
005 20260301164639.0
008 230403s1957 xo gr 000 0 slo
015 |a SNBA1957/09-01310 
020 |q (brožované) 
035 |a SK01SNK19570019771 
035 |a urn:nbn:sk:snk-am3i7vl 
035 |a 04C874C5-25E8-4982-83C8-1E4B9A3E2B67 
035 |a urn:nbn:sk:snk-am00dwob 
035 |a SKM000022234 
040 |a SNK  |b slo  |c SNK  |e AACR2 
041 0 |a slo 
044 |a xo  |c SK 
080 |a 711.437  |2 2011 
080 |a (082)  |2 2011 
080 |a 373.3.011.3-051  |2 2011 
080 |a 37.091.12  |2 2011 
245 0 0 |a Skúsenosti z práce dedinských škôl a učiteľov  |c sborník zostavil Imrich Korček ; úvod napísal Emil Stračár 
250 |a Prvé vydanie 
260 |a Bratislava  |b Slovenské pedagogické nakladateľstvo  |c 1957  |e Banská Bystrica  |f Pohronské tlačiarne 
300 |a 154 strán  |c 21 cm 
366 |e 2000 kusov 
490 1 |a Knižnica metodických príručiek  |v zväzok 30 
650 0 7 |a dediny  |2 SNKPH  |9 51460 
650 0 7 |a základné školy  |2 SNKPH  |9 1280 
650 0 7 |a učitelia základných škôl  |2 SNKPH  |9 57114 
650 0 7 |a učiteľská profesia  |2 SNKPH  |9 74525 
655 7 |a zborníky  |2 SNKPH  |9 70165 
700 1 |a Stračár, Emil,  |d 1923-1981  |4 aui  |9 192833 
700 1 |a Korček, Imrich  |4 com  |9 280014 
830 0 |a Knižnica metodických príručiek  |9 348218 
852 |a Slovenská národná knižnica 
954 |a odborná, vedecká literatúra pôvodná (slovenská)  |2 lita 
958 |a OND 
958 |a TL 
958 |a RK 
958 |a ZB 
958 |a EUIPO 
999 |c 821349  |d 823279 
952 |a SNK  |b SNK  |y PREZ  |7 0  |p 17A0836965  |o snkSC 10637  |i snkKSP 2629/57  |0 0  |1 0  |4 0  |d 2012-08-22  |f 1  |l 0  |r 2025-07-11 00:00:00  |w 2026-02-24 
952 |a SNK  |b SNK  |y VYP  |7 0  |p 17A0459243  |o snkSC 10637 D1  |i snkKSP 2630/57  |0 0  |1 0  |4 0  |d 2005-02-23  |l 0  |r 2026-02-24 03:06:50  |w 2026-02-24